Communes Limitrophes de Bordeaux - Statistiques

Statistiques générales
  • Ce quiz a été pris 618 fois
  • Le résultat moyen est 8 sur 12
Statistiques - réponses
Position Commune % Correct
Ouest Mérignac
94%
Sud-Ouest Pessac
92%
Sud Talence
84%
Sud-Est Bègles
80%
Est Cenon
75%
Nord-Est Lormont
71%
Nord-Ouest Bruges
63%
Sud-Est Floirac
63%
Nord-Ouest Le Bouscat
59%
Nord-Ouest Eysines
56%
Nord Blanquefort
50%
Nord-Est Bassens
34%
Aucun quiz correspondant
Distribution des résultats
% des personnes avec chaque résultat
Percentile par nombre de réponses
Votre historique - résultats
Vous n’avez pas pris ce quiz